[Event "Temuco Dalai Larama Cup 2nd"]
[Site "Temuco"]
[Date "2019.03.03"]
[Round "5.1"]
[White "Castillo Rivera, Carlos Alberto"]
[Black "Larama Denis, Giovanni Andre"]
[Result "1-0"]
[WhiteElo "1973"]
[BlackElo "1598"]
[PlyCount "69"]
[EventDate "2019.03.02"]
[EventType "swiss (rapid)"]
[EventRounds "10"]
[EventCountry "CHI"]
[SourceTitle "EXT 2024"]
[Source "ChessBase"]
[SourceDate "2023.10.10"]
[SourceVersion "1"]
[SourceVersionDate "2023.10.10"]
[SourceQuality "1"]

1. d4 d6 2. e4 e5 3. Nf3 exd4 4. Nxd4 Nf6 5. Nc3 Be7 6. Be2 0-0 7. 0-0 a6 8. a4 c6 9. a5 c5 10. Nb3 Be6 11. Qe1 Nc6 12. Na4 Nb4 13. Bd1 Bc4 14. Nb6 Bxf1 15. Kxf1 Rb8 16. Bf4 Nd7 17. Nc4 Qc7 18. Qc3 Nc6 19. Qg3 Nce5 20. Ne3 Nf6 21. Nf5 g6 22. Nxe7+ Qxe7 23. Bg5 Qe6 24. Qh4 Ned7 25. Bf3 Rfe8 26. Nd2 b5 27. axb6 Rxb6 28. b3 Qe5 29. Rd1 Qc3 30. Nc4 Rc6 31. e5 d5 32. exf6 Qxc2 33. Ne3 Rxe3 34. fxe3 Qf5 35. Rxd5 1-0

[Event "Temuco Universidad de La Frontera"]
[Site "Temuco"]
[Date "2017.07.21"]
[Round "9"]
[White "Castillo Rivera, Carlos Alberto"]
[Black "Larama Denis, Giovanni Andre"]
[Result "1-0"]
[WhiteElo "2020"]
[BlackElo "1719"]
[PlyCount "45"]
[EventDate "2017.07.19"]
[EventType "tourn"]
[EventRounds "9"]
[EventCountry "CHI"]
[SourceTitle "EXT 2018"]
[Source "ChessBase"]
[SourceDate "2017.10.13"]
[SourceVersion "1"]
[SourceVersionDate "2017.10.13"]
[SourceQuality "1"]

1. e4 e5 2. Nf3 Nc6 3. d4 exd4 4. Nxd4 Qf6 5. Be3 Bc5 6. Nb5 Bxe3 7. fxe3 Qh4+ 8. g3 Qxe4 9. Nxc7+ Kd8 10. Nxa8 Qxh1 11. Qd6 Nf6 12. Nd2 Qd5 13. Qc7+ Ke7 14. 0-0-0 Re8 15. Nc4 Qc5 16. Nd6 Qxe3+ 17. Kb1 Nd5 18. Nxc8+ Kf8 19. Qd6+ Kg8 20. Nc7 Nxc7 21. Qxc7 Nd4 22. Qxd7 Nf3 23. Bc4 1-0

[Event "CHI-ch U20"]
[Site "San Carlos"]
[Date "2015.02.12"]
[Round "4"]
[White "Castillo Rivera, Carlos Alberto"]
[Black "Fica Cruz, Joaquin"]
[Result "0-1"]
[WhiteElo "1917"]
[BlackElo "1942"]
[PlyCount "50"]
[EventDate "2015.02.10"]
[EventType "swiss"]
[EventRounds "9"]
[EventCountry "CHI"]
[SourceTitle "CBM 164 Extra"]
[Source "ChessBase"]
[SourceDate "2015.03.02"]
[SourceVersion "1"]
[SourceVersionDate "2015.03.02"]
[SourceQuality "1"]

1. e4 e6 2. d4 d5 3. Nd2 Be7 4. Bd3 c5 5. dxc5 Nf6 6. Qe2 0-0 7. Ngf3 a5 8. 0-0 Na6 9. e5 Nd7 10. c3 Naxc5 11. Bc2 b5 12. Nd4 Qc7 13. f4 b4 14. Rf3 f5 15. exf6 Nxf6 16. c4 Qb6 17. Kh1 Nce4 18. Nxe4 dxe4 19. Bxe4 Nxe4 20. Qxe4 Bb7 21. Qxe6+ Qxe6 22. Nxe6 Bxf3 23. Nxf8 Bg4 24. h3 Bf5 25. Nxh7 Kxh7 0-1

[Event "CHI-ch U20"]
[Site "San Carlos"]
[Date "2015.02.11"]
[Round "2"]
[White "Castillo Rivera, Carlos Alberto"]
[Black "Brielmaier Lopez, Christian"]
[Result "1-0"]
[WhiteElo "1917"]
[BlackElo "1687"]
[PlyCount "93"]
[EventDate "2015.02.10"]
[EventType "swiss"]
[EventRounds "9"]
[EventCountry "CHI"]
[SourceTitle "CBM 164 Extra"]
[Source "ChessBase"]
[SourceDate "2015.03.02"]
[SourceVersion "1"]
[SourceVersionDate "2015.03.02"]
[SourceQuality "1"]

1. e4 e5 2. Nf3 Nc6 3. d4 exd4 4. Nxd4 Bc5 5. Be3 Qf6 6. Nb5 Bxe3 7. fxe3 Qe5 8. Nd2 Kd8 9. c3 Nf6 10. Bd3 d6 11. Nf3 Qh5 12. Nbd4 Ne5 13. Nxe5 Qxe5 14. Nf3 Qc5 15. Qd2 Re8 16. 0-0 Nxe4 17. Bxe4 Rxe4 18. Nd4 f6 19. Qd3 Qe5 20. Rae1 Rh4 21. Nf3 Qe4 22. Qd4 Rg4 23. h3 Qxd4 24. exd4 Rg6 25. Re3 c6 26. Rfe1 Bd7 27. Kf2 Rb8 28. Re7 a5 29. Rf7 Be8 30. Rf8 Kd7 31. Nh4 Rg5 32. g4 g6 33. Rxf6 h5 34. Rfe6 Kc7 35. Rxe8 Rxe8 36. Rxe8 hxg4 37. hxg4 Rxg4 38. Nf3 Rf4 39. Kg3 Rf5 40. a4 Rh5 41. Kg4 Rh1 42. Re1 Rh5 43. Nh4 b5 44. b3 Kb6 45. Re6 d5 46. Nxg6 Rh6 47. Nf4 1-0